<?xml version="1.0" encoding="UTF-8"?>
<record
    xmlns:xsi="http://www.w3.org/2001/XMLSchema-instance"
    xsi:schemaLocation="http://www.loc.gov/MARC21/slim http://www.loc.gov/standards/marcxml/schema/MARC21slim.xsd"
    xmlns="http://www.loc.gov/MARC21/slim">

  <leader>01864nam a2200217 a 4500</leader>
  <controlfield tag="008">161215t2011    spa |||g  ||| 001 p spa d</controlfield>
  <datafield tag="020" ind1=" " ind2=" ">
    <subfield code="a">9789871083190</subfield>
  </datafield>
  <datafield tag="041" ind1=" " ind2=" ">
    <subfield code="a">spa</subfield>
  </datafield>
  <datafield tag="092" ind1=" " ind2=" ">
    <subfield code="c">808.8</subfield>
    <subfield code="l">29</subfield>
    <subfield code="s">GIS</subfield>
  </datafield>
  <datafield tag="100" ind1="1" ind2=" ">
    <subfield code="a">Gismondi, Carmen L.</subfield>
    <subfield code="e">Dir.</subfield>
    <subfield code="9">3138</subfield>
  </datafield>
  <datafield tag="245" ind1=" " ind2=" ">
    <subfield code="a">Constelaci&#xF3;n de musas.</subfield>
    <subfield code="b">Antolog&#xED;a de excepci&#xF3;n /</subfield>
    <subfield code="c">Carmen L. Gismondi</subfield>
  </datafield>
  <datafield tag="250" ind1=" " ind2=" ">
    <subfield code="a">1a ed.</subfield>
  </datafield>
  <datafield tag="260" ind1=" " ind2=" ">
    <subfield code="a">Buenos Aires:</subfield>
    <subfield code="b">Altair;</subfield>
    <subfield code="c">2009.</subfield>
  </datafield>
  <datafield tag="300" ind1=" " ind2=" ">
    <subfield code="a">167 p.</subfield>
  </datafield>
  <datafield tag="500" ind1=" " ind2=" ">
    <subfield code="a">Gismondi, C. y Mateos, F. A. (Dirs.). (2009). Constelaci&#xF3;n de musas. Antolog&#xED;a de excepci&#xF3;n. (1a ed.). Buenos Aires : Altair.</subfield>
  </datafield>
  <datafield tag="505" ind1=" " ind2=" ">
    <subfield code="a">Difundir las obras de los autores, que cual bellas flores merecen ser valoradas y apreciadas en su gran variedad de colores y fragancias. Contribuir al intercambio comunicacional entre las personas, generando v&#xED;nculos de amistad y confraternidad tan necesarios en estos d&#xED;as. Pasar a formar parte del patrimonio cultural de la Humanidad, como inalterables testimonios de su historia para conocimiento de generaciones futuras, pues cada poema, es en definitiva un fragmento de vida, narrado con la armon&#xED;a y belleza que &#xFA;nicamente los poetas puedan hacerlo. Animados por un irrenunciable sentimiento universalista les hemos dado cabida en nuestras publicaciones a todas las expresiones literarias, desde las m&#xE1;s elaboradas de sofisticados l&#xE9;xicos hasta las m&#xE1;s simples, siempre y cuando estuvieran encuadradas en la no agresi&#xF3;n, &#xE9;tica y respecto, pues estamos convencidos que el arte po&#xE9;tico es el resultante de la comunicaci&#xF3;n sublime del esp&#xED;ritu, con las musas inspiradoras que lo asisten en la creaci&#xF3;n de los versos que siempre hallar&#xE1;n receptores en quienes tambi&#xE9;n vibren en las mismas frecuencias.  </subfield>
  </datafield>
  <datafield tag="590" ind1=" " ind2=" ">
    <subfield code="a">Donaci&#xF3;n Carozzi, Norma Aida. Proyecto 4to libro</subfield>
  </datafield>
  <datafield tag="655" ind1=" " ind2=" ">
    <subfield code="a">Poesia</subfield>
    <subfield code="9">2929</subfield>
  </datafield>
  <datafield tag="700" ind1="1" ind2=" ">
    <subfield code="a">Mateos, Felipe A.</subfield>
    <subfield code="e">Dir.</subfield>
    <subfield code="9">3139</subfield>
  </datafield>
  <datafield tag="942" ind1=" " ind2=" ">
    <subfield code="2">ddc</subfield>
    <subfield code="c">LIT</subfield>
  </datafield>
  <datafield tag="999" ind1=" " ind2=" ">
    <subfield code="c">2289</subfield>
    <subfield code="d">2289</subfield>
  </datafield>
  <datafield tag="952" ind1=" " ind2=" ">
    <subfield code="0">0</subfield>
    <subfield code="1">0</subfield>
    <subfield code="2">ddc</subfield>
    <subfield code="4">0</subfield>
    <subfield code="7">0</subfield>
    <subfield code="8">FIC</subfield>
    <subfield code="a">BFM</subfield>
    <subfield code="b">BFM</subfield>
    <subfield code="c">CR</subfield>
    <subfield code="d">2017-02-20</subfield>
    <subfield code="e">Donaci&#xF3;n Carozzi, Norma Aida. 2016</subfield>
    <subfield code="l">0</subfield>
    <subfield code="o">808.8 29 GIS</subfield>
    <subfield code="p">3773</subfield>
    <subfield code="r">2017-02-20</subfield>
    <subfield code="t">Ej.1</subfield>
    <subfield code="w">2017-02-20</subfield>
    <subfield code="y">LIT</subfield>
    <subfield code="z">Proyecto 4to libro. Donaci&#xF3;n Carozzi Norma</subfield>
  </datafield>
</record>
